000 00667nam a2200217Ia 4500
005 20250508170218.0
008 008 250505s9999 xx 000 0 eng d
020 _a978-81-953899-0-2
037 _aReference
040 _aFEDL
_beng
_cFEDL
041 _aeng
_2eng
084 _a371.2, NIE/RR
_qFEDL
100 _aMishra Preeti Vivek
_9548772
245 0 _aNurturing belongingness: Strengthening socio-emotional connectedness
245 0 _cNIEPA (New Delhi India)
260 _aNew Delhi, India
_bNIEPA
_c2022
300 _a66p.
546 _aGiffted by Prof. Preeti Vivek Mishra
942 _cREF
_h371.2, NIE/RR
999 _c1399820
_d1399820